Harry Potter et le Quiz Maléfique (Partie 2) - Statistiques

Statistiques générales
  • Ce quiz a été pris 632 fois
    495 depuis la dernière actualisation
  • Le résultat moyen est 53 sur 175
Statistiques - réponses
Niveaux Départements du Ministère de la Magie % Correct
Cornelius Fudge
85%
Gryffondor Nick-Quasi-Sans-Tête
83%
Serpentard Le Baron Sanglant
81%
Harry Potter
80%
Hermione Granger
80%
O Optimal
80%
Serdaigle La Dame Grise
79%
Poufsouffle Le Moine Gras
79%
Bellatrix Lestrange
78%
Lucius Malefoy
78%
T Troll
77%
Balai volant
75%
Ginny Weasley
71%
BUSE Brevet Universel de Sorcellerie Élémentaire
69%
AD Armée de Dumbledore
68%
Drago Malefoy
67%
Gryffondor | Serpentard Mot de passe
67%
A Acceptable
65%
Baguette magique
65%
DCFM Défense Contre les Forces du Mal
63%
Rufus Scrimgeour
62%
E Effort Exceptionnel
61%
P Piètre
61%
Gryffondor Portrait de la Grosse Dame
59%
Poudlard Express
59%
RAB Regulus Arcturus Black
59%
Transplanage
58%
Severus Rogue
57%
Année 2 Sorbet citron
57%
Rodolphus Lestrange
56%
Cormac McLaggen
54%
SALE Société d'Aide à la Libération des Elfes
53%
D Désolant
52%
Portoloin
51%
Rabastan Lestrange
50%
Serdaigle Répondre à une énigme
50%
Coffre contenant la Pierre Philosophale 713
49%
Niveau 9 Département des mystères
49%
Tom Jedusor
49%
Lily Evans
48%
Crabbe
47%
Goyle
47%
Poudre de Cheminette
46%
Regulus Black
45%
Antonin Dolohov
44%
Barty Croupton Jr.
44%
Blaise Zabini
44%
Peter Pettigrow
44%
Sombral
44%
Magicobus
42%
Poufsouffle Près des cuisines
41%
Année 1 Caput Draconis
40%
Serpentard Dans les sous-sols sous le lac
40%
Alecto Carrow
39%
Amycus Carrow
39%
Pius Thicknesse
37%
Cape d'invisibilité
36%
Yaxley
35%
Gryffondor 7e étage de la tour Gryffondor
33%
Igor Karkaroff
33%
Neville Londubat
33%
Kingsley Shacklebolt
32%
Moto de Sirius
31%
Niveau 2 Département de la justice magique
30%
Année 3 Fortuna Major
30%
Pierre de Résurrection
30%
Evan Rosier
29%
Flora Carrow
29%
Hestia Carrow
29%
Avery
28%
Avery Sr.
28%
Choixpeau magique
28%
Ford Anglia d'Arthur Weasley
28%
Rapeltout
28%
ASPIC Accumulation de Sorcellerie Particulièrement Intensive et Contraignante
27%
Nott
27%
Philtres d'amour
26%
Walden Macnair
26%
Retourneur de Temps
25%
Augustus Rookwood
24%
Marcus Belby
24%
Rosier Sr.
24%
Boîtes à Flemme
23%
Oreilles à rallonge
23%
Poufsouffle Tonneaux de vinaigre
23%
Carte du Maraudeur
21%
Miroir du Riséd
21%
Niveau 7 Département des jeux et sports magiques
20%
Dragon
20%
Pensine
20%
Armoire à Disparaître
19%
Déluminateur
19%
Serpentard Mur d'entrée
19%
Coffre de Harry Potter 687
18%
Niveau 4 Département de contrôle et de régulation des créatures magiques
18%
Année 5 Fizwizbiz
18%
Année 4 Nids de cafards
18%
Poudre d'obscurité instantanée du Pérou
18%
Thorfinn Rowle
18%
Coffre de Sirius Black 711
17%
Année 7 Dumbledore
17%
Rez-de-chaussée Accueil et Service des accidents matériels
16%
Beuglante
16%
Boursouflets
16%
Niveau 6 Département des transports magiques
16%
Gwenog Jones
16%
Année 5 Mimbulus Mimbletonia
16%
Année 6 Suçacides
16%
Épée de Gryffondor
15%
Mulciber
15%
Travers
15%
Niveau 1 Atrium
14%
Groin de porc
14%
5e étage Salon de thé et boutique de l'hôpital
14%
Niveau 5 Département de la coopération magique internationale
13%
Scrutoscope
13%
Coupe de Feu
12%
Niveau 3 Département des accidents et catastrophes magiques
12%
Selwyn
12%
Baguettes farceuses
11%
Feuxfous Fuseboum
11%
Guirlande
11%
Marque des Ténèbres comestible
11%
Marécages portables
10%
Serdaigle Porte avec un heurtoir en forme d'aigle
10%
Abstinence
9%
Année 4 Fariboles
9%
Gibbon
9%
Multiplettes
9%
Pendule de la famille Weasley
9%
Rêves éveillés
9%
Téléscopes frappeurs
9%
Serdaigle Tour de l'aile Ouest
9%
Année 2 Antochère
8%
Babioles
8%
Bombabouse
8%
Jugson
8%
Leurres explosifs
8%
Miroir à Double Sens
8%
Plume à Papote
8%
Pousse-Rikiki
8%
4e étage Service de pathologie des sortilèges
8%
Vil maraud
8%
Bananes Frites
7%
Barnabas Cuffe
7%
Chaudrons farceurs
7%
Éclairs au caramel
7%
Glace à l'Ennemi
7%
Palsambleu
7%
Année 6 Potage royal
7%
3e étage Service d'empoisonnement par potions et plantes
7%
Poufsouffle Toquer au rythme d'Helga Poufsouffle
7%
Ambrosius Flume
6%
1er étage Service des blessures par créatures vivantes
6%
Ver solitaire
6%
Boule de cristal
5%
Collier d'opale
5%
Dirk Cresswell
5%
Lorgnospectres
5%
Melinda Bobbin
5%
Oeil magique d'Alastor Maugrey
5%
Oeuf d'or
5%
Quid agis
5%
2e étage Service des virus et microbes magiques
5%
Wilkes
5%
Malle magique d'Alastor Maugrey
4%
Sac en perles d'Hermione Granger
4%
Trophée des Trois Sorciers
4%
Eldred Worpel
3%
Plumes de triche
2%
Aucun quiz correspondant
Distribution des résultats
% des personnes avec chaque résultat
Percentile par nombre de réponses
Votre historique - résultats
Vous n’avez pas pris ce quiz depuis la dernière actualisation